|
|
|
|
| LEADER |
01807nam a2200397Ma 4500 |
| 001 |
36399 |
| 003 |
BD-DhAAL |
| 005 |
20211129104730.0 |
| 008 |
191020t20102009nyua b 001 0 eng d |
| 999 |
|
|
|c 41627
|d 41627
|
| 020 |
|
|
|a 9780143118244 (pbk.)
|
| 020 |
|
|
|a 0143118242 (pbk.)
|
| 020 |
|
|
|a 9780670021253 (hc.)
|
| 035 |
|
|
|a (OCoLC)825839339
|
| 035 |
|
|
|a 7566429
|
| 040 |
|
|
|a BTCTA
|c BTCTA
|d YDXCP
|d CDX
|d ALAUL
|d NIC
|d BD-DhAAL
|
| 050 |
|
4 |
|a HB3722
|b .S659 2010
|
| 082 |
0 |
4 |
|a 330.9730931
|2 22
|
| 100 |
1 |
|
|a Sorkin, Andrew Ross.
|9 36172
|
| 245 |
1 |
0 |
|a Too big to fail :
|b the inside story of how Wall Street and Washington fought to save the financial system--and themselves /
|c Andrew Ross Sorkin.
|
| 260 |
|
|
|a New York :
|b Penguin Books,
|c 2010
|
| 300 |
|
|
|a xx, 618 pages :
|b illustrations ;
|c 21 cm.
|
| 500 |
|
|
|a Originally published: New York : Viking, 2009.
|
| 504 |
|
|
|a Includes bibliographical references (pages [561]-604) and index.
|
| 520 |
|
|
|a Presents a moment-by-moment account of the recent financial collapse that documents state efforts to prevent an economic disaster, offering insight into the pivotal consequences of decisions made throughout the past decade.
|
| 526 |
|
|
|a BBS
|
| 541 |
|
|
|a Karim International
|e 36399
|
| 650 |
|
0 |
|a Global Financial Crisis, 2008-2009.
|9 36173
|
| 650 |
|
0 |
|a Financial crises
|z United States
|x History
|y 21st century.
|9 36174
|
| 650 |
|
7 |
|a Financial crises
|9 36175
|
| 650 |
|
7 |
|a Finance
|9 36199
|
| 650 |
|
7 |
|a Business & finance
|9 43298
|
| 651 |
|
7 |
|a United States
|9 36176
|
| 852 |
|
|
|a Ayesha Abed Library
|c General Stacks
|
| 942 |
|
|
|2 ddc
|c BK
|
| 952 |
|
|
|0 0
|1 0
|2 ddc
|4 0
|6 330_973093100000000_SOR
|7 0
|9 66809
|a BRACUL
|b BRACUL
|c GEN
|d 2019-10-17
|e Karim International
|g 1700.00
|l 5
|m 40
|o 330.9730931 SOR
|p 3010036399
|r 2025-06-18
|s 2024-10-23
|t 1
|v 1700.00
|w 2019-10-17
|y BK
|